| 000 | 00605nam a2200181 i 4500 | ||
|---|---|---|---|
| 001 | 32856 | ||
| 003 | ES-MaACL | ||
| 005 | 20230906154640.0 | ||
| 007 | t| | ||
| 008 | 030131s1978 sp ||||1| spa d | ||
| 100 | 1 |
_aBermejo Zuazua, Antonio. _928121 |
|
| 245 | 1 | 0 |
_aApuntes sobre céspedes / _cpor Antonio Bermejo Zuazua ; dibujo de la cubierta Antonio Aguirre. |
| 260 |
_aMadrid : _bExtensión Agraria, _c1978. |
||
| 300 |
_a98 p., 1 lám. : _bil. ; _c24 cm. |
||
| 700 | 1 |
_aAguirre, Antonio. _918810 |
|
| 710 | 2 |
_aEspaña. _bServicio de Extensión Agraria. _93975 |
|
| 852 |
_aES-MaACL _jA-8801 _bR.97764 |
||
| 999 |
_c32856 _d32856 |
||